000 00318nam a2200097Ia 4500
008 220120s9999||||xx |||||||||||||| ||und||
100 _aMaddanaswamy B, Nachiketh S.J, Naveen B and Ravi Arkasali
_912337
245 0 _aMobile banking
260 _aCoorg Institute of Technology
_bPonnampet
_c2011
650 _aCOMPUTER SCIENCE
999 _c137923
_d137923